Diccionario de Psicoanálisis

محفوظ في:
التفاصيل البيبلوغرافية
المؤلف الرئيسي: Laplanche, Jean y Pontalis, Jean-Bertrand
التنسيق: كتاب
اللغة:Undetermined
منشور في: Barcelona, España Paidós 1996
الموضوعات:
الوسوم: إضافة وسم
لا توجد وسوم, كن أول من يضع وسما على هذه التسجيلة!

MARC

LEADER 00000nam a2200000Ia 4500
008 170316s9999 xx 000 0 und d
040 |a cru BVZT 
090 |a REF 
100 |a Laplanche, Jean y Pontalis, Jean-Bertrand 
245 |a Diccionario de Psicoanálisis 
260 |a Barcelona, España 
260 |b Paidós 
260 |c 1996 
300 |a 535 páginas 
650 |a REFERENCIA 
650 |a DICCIONARIO 
942 |c REF 
999 |c 14922  |d 14922